| 000 | 00656nam a2200169Ia 4500 | ||
|---|---|---|---|
| 003 | GCL | ||
| 008 | 140319s9999 xx 000 0 ara d | ||
| 040 |
_aGCL / _cGCL |
||
| 082 | 0 | 4 |
_a320.54 _bص ق |
| 100 | 1 | _aصالح محمد صالح | |
| 245 | 1 | 0 |
_aالقومية العربية : مناظرة موجزة مع ط. ث. شاكر واخرين (هدية من الاديب عبدالفتاح الجمل) / _cصالح محمد صالح |
| 300 | _a113 ص | ||
| 490 |
_aكراسات (الطريق) غير دوريه _v0 |
||
| 650 | 0 | 4 | _aالقومية العربية |
| 650 | 0 | 4 | _aالعالم العربى - الاحوال السياسية |
| 942 |
_2ddc _cBK |
||
| 999 |
_c47163 _d47163 |
||